01247 a2200205 45000010003000000050017000030080041000200030015000610400040000760800073001162450069001890200022002582500012002802640042002923000023003345050489003571000021008467000022008678560152008894420260407155405.0260407a2002 arg spa dAR-UNSa-BCEJYS aAR-UNSa-BCEJYSbspacAR-UNSa-BCEJYS a510xConsideraciones fundamentales y generales de las matemáticas 10aMatemáticas aplicadaspa la administración y a la economía a978-968-444-437-9 a4a. ed. 1aMéxico :bPearson Educaciónc2002 axiv, 842 p.c25 cm a1. Repaso de álgebra - 2. Ecuaciones de una variable - 3. Desigualdades - 4. Líneas rectas - 5. Funciones y gráficas - 6. Logaritmos y exponenciales - 7. Progresiones y matemáticas financieras - 8. Algebra de matrices - 9. Inversas y determinantes - 10. Programación lineal - 11. La derivada - 12. Cálculo de derivadas - 13. Optimización y bosquejo de curvas - 14. Más sobre derivadas - 15. Integración - 16. La integral definida - 17. Funciones de varias variables 1 aArya, Jagdish C.1 aLardner, Robin W.41uhttps://biblioeco.unsa.edu.ar/pmb/images/libros/Matem?ticas Aplicadas a la administraci?n y a la econom?a(4a ed).jpgyImagen de portadaqimage/jpeg